THE PREVENTION OF MONEY LOUNDERING ACT 2002 ALONG WITH AIIED RULES REGULATION (Record no. 6464)

MARC details
000 -LEADER
fixed length control field 00411nam a22001577a 4500
005 - DATE AND TIME OF LATEST TRANSACTION
control field 20210831152655.0
008 - FIXED-LENGTH DATA ELEMENTS--GENERAL INFORMATION
fixed length control field 200524b xxu||||| |||| 00| 0 eng d
041 ## - LANGUAGE CODE
Language code of text/sound track or separate title eng
082 ## - DEWEY DECIMAL CLASSIFICATION NUMBER
Classification number 340
100 ## - MAIN ENTRY--AUTHOR NAME
Personal name BARE ACT
245 ## - TITLE STATEMENT
Title THE PREVENTION OF MONEY LOUNDERING ACT 2002 ALONG WITH AIIED RULES REGULATION
260 ## - PUBLICATION, DISTRIBUTION, ETC. (IMPRINT)
Place of publication DELHI
Name of publisher PROFESSIONALS BOOK
300 ## - PHYSICAL DESCRIPTION
Number of Pages 129p,
650 ## - SUBJECT ADDED ENTRY--TOPICAL TERM
Topical Term LAW
942 ## - ADDED ENTRY ELEMENTS (KOHA)
Koha item type Books
Holdings
Lost status Damaged status Home library Current library Date acquired Cost, normal purchase price Full call number Accession Number Koha item type
    JRU Library   05/06/2020 190.00 340 23128 Books